Normal view
MARC view
- Adolorata,Mary
Entry Personal Name
001 - CONTROL NUMBER
- control field: 45904
003 - CONTROL NUMBER IDENTIFIER
- control field: NUST
005 - DATE AND TIME OF LATEST TRANSACTION
- control field: 20210314133354.0
008 - FIXED-LENGTH DATA ELEMENTS
- fixed length control field: 210314|| aca||aabn | a|a d
040 ## - CATALOGING SOURCE
- Original cataloging agency: NUST
- Transcribing agency: NUST
100 ## - HEADING--PERSONAL NAME
- Personal name: Adolorata,Mary
670 ## - SOURCE DATA FOUND
- Source citation: Work cat.: (NUST): Adolorata,Mary., The growing years of American literature., [1961]
